Normal view MARC view
  • Lenguaje y lenguas

Entry Materia

Number of records used in: 127

001 - NÚMERO DE CONTROL DEL REGISTRO

  • campo de control: 3837

003 - IDENTIFICADOR DE NUMERO DE CONTROL

  • campo de control: MX-MxUPN

005 - FECHA Y HORA DE LA ÚLTIMA TRANSACCIÓN

  • campo de control: 20250306144724.0

008 - DATOS DE LONGITUD FIJA

  • campo de control de longitud fija: 250306n| acnnnbabn | ana |d

035 ## - NÚMERO DE CONTROL DEL SISTEMA

  • Número de control del sistema: UPN10000003837

040 ## - FUENTE DE LA CATALOGACIÓN

  • Centro catalogador de origen: MX-MxUPN
  • Lengua de catalogación: spa
  • Agencia de transcripción: MX-MxUPN

150 ## - ENCABEZAMIENTO - TEMÁTICO

  • Término de materia o nombre geográfico como elemento inicial: Lenguaje y lenguas

360 ## - REFERENCIA COMPLEJA DE VÉASE ADEMÁS - MATERIA

  • Texto explicativo: Nombres de lenguas particulares o grupos de lenguas afines. Ej.:
  • Encabezamiento al que se remite: INGLES ; LENGUAS SEMITICAS
  • Encabezamiento al que se remite: y subdivisión de
  • Texto explicativo: LENGUAS
  • Encabezamiento al que se remite: bajo nombres de continentes, países, ciudades, etc. Ej.:
  • Encabezamiento al que se remite: EUROPA - LENGUAS ; ESTADOS UNIDOS - LENGUAS

670 ## - FUENTE EN LA QUE SE LOCALIZARON DATOS

  • Cita de la fuente: E/P

680 ## - NOTA GENERAL CON DESPLIEGUE PÚBLICO

  • Texto explicativo: Aquí se asientan las obras sobre lenguaje y lenguas en general, así como las obras sobre el origen e historia del lenguaje. Las obras que tratan del estudio científico del lenguaje humano, incluyendo fonética, fonémica, morfología y sintaxis se asientan bajo
  • Encabezamiento: LINGUISTICA
  • Texto explicativo: Las obras que se refieren a la filosofía y psicología del lenguaje se asientan bajo
  • Encabezamiento: LENGUAS - FILOSOFIA Y PSICOLINGUISTICA
  • Texto explicativo: respectivamente

902 ## - CATALOGADOR

  • Catalogador: MMA/260399